Normal view MARC view
  • Robbins Stephen & Coulter, Mary

Entry Personal Name

Number of records used in: 2

001 - CONTROL NUMBER

  • control field: 1629

003 - CONTROL NUMBER IDENTIFIER

  • control field: OSt

005 - DATE AND TIME OF LATEST TRANSACTION

  • control field: 20160601093244.0

008 - FIXED-LENGTH DATA ELEMENTS

  • fixed length control field: 160601|| aca||aabn | a|a d

040 ## - CATALOGING SOURCE

  • Original cataloging agency: OSt
  • Transcribing agency: OSt

100 ## - HEADING--PERSONAL NAME

  • Personal name: Robbins Stephen & Coulter, Mary

670 ## - SOURCE DATA FOUND

  • Source citation: Work cat.: (OSt): Robbins Stephen & Coulter, Mary, Management, 2003